000
00468nam a2200169Ia 4500
008
110201s9999 xx 000 0 und d
082
_b
B2014
_a
KS 234
100
_a
भावे पु.भा.
245
_a
गुढकथा
260
_b
संजय प्रकाशन
365
_b
18
600
_a
भावे पु.भा.
630
_a
गुढकथा
700
_a
भावे पु.भा.
730
_a
गुढकथा
942
_c
BOOK
999
_c
829121
_d
829118